League 1 Player 30 or More Goal and Assist - Statistics

General Stats
  • This quiz has been taken 31 times
  • The average score is 24 of 28
Answer Stats
Season Player Country Club Goal / Assist % Correct
18/19 Kylian Mbappé France Paris Saint-Germain 33G9A
100%
20/21 Kylian Mbappé France Paris Saint-Germain 27G7A
100%
21/22 Kylian Mbappé France Paris Saint-Germain 28G19A
100%
22/23 Kylian Mbappé France Paris Saint-Germain 29G6A
100%
23/24 Kylian Mbappé France Paris Saint-Germain 27G7A
100%
16/17 Edinson Cavani Uruguay Paris Saint-Germain 35G4A
95%
17/18 Edinson Cavani Uruguay Paris Saint-Germain 28G7A
95%
Neymar Brazil Paris Saint-Germain 19G13A
95%
Pierre-Emerick Aubameyang Gabon AS Saint-Étienne 19G12A
95%
12/13 Zlatan Ibrahimović Sweden Paris Saint-Germain 30G10A
95%
13/14 Zlatan Ibrahimović Sweden Paris Saint-Germain 26G15A
95%
15/16 Zlatan Ibrahimović Sweden Paris Saint-Germain 38G13A
95%
11/12 Eden Hazard Belgium LOSC Lille 20G18A
91%
Lionel Messi Argentina Paris Saint-Germain 16G16A
86%
14/15 Alexandre Lacazette France Olympique Lyon 27G8A
82%
Alexandre Lacazette France Olympique Lyon 28G3A
82%
Alexandre Lacazette France Olympique Lyon 27G5A
82%
Memphis Depay Netherlands Olympique Marseille 19G13A
82%
Memphis Depay Netherlands Olympique Marseille 20G12A
82%
Dimitri Payet France LOSC Lille 12G18A
77%
Wissam Ben Yedder France AS Monaco 25G5A
77%
89/90 Jean-Pierre Papin France Olympique Marseille 30G1A
73%
91/92 Jean-Pierre Papin France Olympique Marseille 27G3A
73%
Nicolas Pépé Ivory Coast LOSC Lille 22G11A
73%
Olivier Giroud France Montpellier HSC 21G12A
73%
Florian Thauvin France Olympique Marseille 22G11A
59%
Nenê Brazil Paris Saint-Germain 21G13A
59%
10/11 Moussa Sow Senegal LOSC Lille 25G6A
45%
No matching quizzes found
Score Distribution
Percent of People with Each Score
Percentile by Number Answered
Your Score History
You have not taken this quiz